| 000 | 00672nam a22002057a 4500 | ||
|---|---|---|---|
| 999 |
_c15644 _d15644 |
||
| 003 | AR-CdUCM | ||
| 008 | 190429b ||||| |||| 00| 0 spa d | ||
| 020 | _a9972-728-00-5 | ||
| 040 |
_aMUNICIPALIDAD PROVINCIAL DEL CUSCO _cBIBLIOTECA MUNICIPAL DEL CUSCO |
||
| 082 |
_aPI / 888.5 / _bF11 |
||
| 245 |
_aFábulas de esopo : _b¡¡¡ con amenas y educativas moralejas !!! |
||
| 260 |
_aLima : _bNavarrete. |
||
| 300 |
_a128 páginas ; _bilustraciones, _c21 cm. |
||
| 650 |
_aFábulas _94606 |
||
| 650 |
_aLiteratura infantil _9588 |
||
| 650 |
_aAprensizaje _934782 |
||
| 710 |
_aCorporación Gráfica Navarrete. _933296 |
||
| 942 |
_2ddc _cLIBROS |
||
| 945 |
_aachl _d2019-04-29 |
||